000 00350nam a2200133Ia 4500
008 150202s9999 xx 000 0 und d
020 _a441344651
050 _aFIC
_bFIC
100 _aPiers, Anthony.
245 _aOut of phaze /
_cAnthony Piers.
260 _aNew York :
_bAce Books ,
_c1987.
300 _a309 pages :
_c18 cm.
650 _aFiction.
999 _c281806
_d281806